000 00277nam a2200109Ia 4500
008 201231s9999 xx 000 0 und d
100 _aJones, Leo
245 0 _aNew International Business English
260 _aCambridge
_bCambridge University Press
300 _a144
942 _cBK
999 _c9500
_d9500